[Event "XI Open A"]
[Site "Padova ITA"]
[Date "2008.12.15"]
[Round "3"]
[White "Castellano, Alfonso"]
[Black "Mazzella, Riccardo"]
[Result "1-0"]
[WhiteElo "1967"]
[BlackElo "1350"]
[PlyCount "49"]
[EventDate "2008.12.13"]

1. c4 c5 2. Nc3 Nc6 3. g3 e6 4. Bg2 Nge7 5. e4 g6 6. Nge2 Bg7 7. O-O O-O 8. d3
f5 9. Be3 fxe4 10. dxe4 d6 11. Qd2 e5 12. Bg5 Be6 13. Nd5 Qd7 14. Rad1 Rf7 15.
b3 Kh8 16. Nxe7 Nxe7 17. Qxd6 Qxd6 18. Rxd6 Bg4 19. f3 Nc8 20. Rd8+ Bf8 21.
fxg4 Rxf1+ 22. Bxf1 Nb6 23. Bf6+ Kg8 24. Rxa8 Nxa8 25. Bxe5 1-0

[Event "XI Open A"]
[Site "Padova ITA"]
[Date "2008.12.15"]
[Round "3"]
[White "De Santis, Alessio"]
[Black "Quaranta, Cristiano"]
[Result "1/2-1/2"]
[WhiteElo "2263"]
[BlackElo "2136"]
[PlyCount "89"]
[EventDate "2008.12.13"]

1. d4 d5 2. Nc3 e6 3. Bf4 a6 4. Qd3 Nf6 5. f3 c5 6. dxc5 Bxc5 7. O-O-O Nc6 8.
e4 dxe4 9. Nxe4 Qxd3 10. Nxf6+ Ke7 11. Bxd3 Kxf6 12. Ne2 e5 13. Nc3 Bf5 14.
Nd5+ Kg6 15. Be3 Bxe3+ 16. Nxe3 Bxd3 17. Rxd3 Rad8 18. Rhd1 Rxd3 19. Rxd3 Rd8
20. Rxd8 Nxd8 21. Kd2 Kf6 22. Kd3 Ke6 23. Kc4 b6 24. a4 Nb7 25. b4 Nd6+ 26. Kd3
Nb7 27. g4 f6 28. Nc4 b5 29. axb5 axb5 30. Na3 Nd6 31. c4 bxc4+ 32. Nxc4 Nb5
33. Nd2 Kd5 34. Ne4 Nd4 35. Nc3+ Kc6 36. f4 Nf3 37. h3 exf4 38. Ke4 Ng5+ 39.
Kxf4 Nxh3+ 40. Kf5 Nf2 41. Ne2 Kb5 42. Nf4 Kxb4 43. Ne6 g6+ 44. Kxf6 Nxg4+ 45.
Kg5 1/2-1/2

[Event "XI Open A"]
[Site "Padova ITA"]
[Date "2008.12.15"]
[Round "3"]
[White "Fortunato, Lorenzo"]
[Black "Demiraj, Rumi"]
[Result "0-1"]
[WhiteElo "1443"]
[BlackElo "1961"]
[PlyCount "58"]
[EventDate "2008.12.13"]

1. e4 e6 2. d3 d5 3. Nd2 Nf6 4. Ngf3 Nc6 5. g3 Be7 6. Bg2 O-O 7. O-O d4 8. e5
Nd7 9. Re1 Re8 10. a3 Nf8 11. b4 a6 12. Bb2 f6 13. Nb3 fxe5 14. Nxe5 Nxe5 15.
Rxe5 Bf6 16. Re4 e5 17. g4 Bd7 18. Re1 c6 19. c3 dxc3 20. Bxc3 Qc7 21. Nc5 Ne6
22. Nxd7 Qxd7 23. Bxe5 Bxe5 24. Rxe5 Nf4 25. Rxe8+ Rxe8 26. Be4 Rd8 27. Qb3+
Kh8 28. Bf5 Qd4 29. Kf1 Qxa1+ 0-1

[Event "XI Open A"]
[Site "Padova ITA"]
[Date "2008.12.15"]
[Round "3"]
[White "Gallo, Enrico"]
[Black "Isatto, Davide"]
[Result "1-0"]
[WhiteElo "2063"]
[BlackElo "1943"]
[PlyCount "109"]
[EventDate "2008.12.13"]

1. e4 d5 2. exd5 Qxd5 3. Nc3 Qd8 4. Nf3 Nf6 5. Bc4 Bf5 6. Ne5 Bg6 7. d4 c6 8.
Bg5 Nbd7 9. Qe2 e6 10. Nxd7 Qxd7 11. d5 Qc7 12. O-O-O Be7 13. dxe6 O-O 14.
exf7+ Bxf7 15. Bxf7+ Rxf7 16. Qc4 Raf8 17. Rhe1 Kh8 18. Qe6 h6 19. Be3 Bb4 20.
Qc4 Bxc3 21. bxc3 Nd5 22. Bc5 Rf4 23. Qb3 R8f7 24. c4 Nb6 25. Bd6 Qc8 26. Bxf4
Rxf4 27. Qg3 Qf8 28. Re8 Qxe8 29. Qxf4 Qe7 30. Qe3 Qf6 31. Qd4 Qg5+ 32. f4 Qa5
33. Qd8+ Kh7 34. Qd3+ Kh8 35. f5 Qxa2 36. Re1 Qa1+ 37. Kd2 Qa5+ 38. Ke2 Qe5+
39. Kf1 Qf4+ 40. Kg1 Qxc4 41. Re8+ Kh7 42. Qxc4 Nxc4 43. Re7 Kg8 44. Rxb7 Ne3
45. c3 Nd5 46. c4 Ne3 47. c5 Nxf5 48. Rxa7 Nd4 49. Rc7 h5 50. Kf2 Kh7 51. Ke3
Nc2+ 52. Ke4 Nb4 53. Ke5 Kg6 54. Kd6 Kf6 55. Rb7 1-0

[Event "XI Open A"]
[Site "Padova ITA"]
[Date "2008.12.15"]
[Round "3"]
[White "Kizov, Atanas"]
[Black "Laketic, Gojko"]
[Result "1/2-1/2"]
[WhiteElo "2439"]
[BlackElo "2451"]
[PlyCount "23"]
[EventDate "2008.12.13"]

1. d4 d5 2. c4 c6 3. cxd5 cxd5 4. Nf3 Nf6 5. Nc3 Nc6 6. Bf4 Bf5 7. e3 e6 8. Bd3
Bxd3 9. Qxd3 Bd6 10. Bxd6 Qxd6 11. O-O Rd8 12. Rac1 1/2-1/2

[Event "XI Open A"]
[Site "Padova ITA"]
[Date "2008.12.15"]
[Round "3"]
[White "Lazic, Miroljub"]
[Black "Marholev, Dimitar"]
[Result "1/2-1/2"]
[WhiteElo "2472"]
[BlackElo "2421"]
[PlyCount "38"]
[EventDate "2008.12.13"]

1. d4 Nf6 2. g3 b5 3. Bg2 d5 4. Qd3 c6 5. Nd2 e6 6. e4 a6 7. Ngf3 Bb7 8. O-O
Be7 9. a4 b4 10. a5 c5 11. dxc5 Nbd7 12. exd5 Bxd5 13. Nc4 Bxc5 14. Be3 O-O 15.
Bxc5 Nxc5 16. Qe2 Ncd7 17. Ne3 Bb7 18. Nd4 Bxg2 19. Nxg2 Qc7 1/2-1/2

[Event "XI Open A"]
[Site "Padova ITA"]
[Date "2008.12.15"]
[Round "3"]
[White "Litrico, Paolo"]
[Black "Dragojlovic, Andjelko"]
[Result "1/2-1/2"]
[WhiteElo "1913"]
[BlackElo "2393"]
[PlyCount "137"]
[EventDate "2008.12.13"]

1. d4 g6 2. e4 Bg7 3. Nc3 d6 4. Be3 Nd7 5. Bc4 e6 6. Nge2 a6 7. a4 b6 8. h4 h5
9. Qd2 Ne7 10. f3 Bb7 11. b4 Nf6 12. b5 axb5 13. Bxb5+ c6 14. Bd3 O-O 15. Rb1
Ba6 16. Bxa6 Rxa6 17. Qd3 Qa8 18. O-O Nd7 19. f4 d5 20. e5 c5 21. Qb5 Nf5 22.
Bf2 Rd8 23. g3 Bf8 24. Kh2 Nb8 25. Rfd1 Nc6 26. Ra1 Rc8 27. Qb3 cxd4 28. Bxd4
Ncxd4 29. Nxd4 Nxd4 30. Rxd4 Qc6 31. Rd3 d4 32. Nb5 Qxc2+ 33. Qxc2 Rxc2+ 34.
Kh3 Bc5 35. Nxd4 Rc4 36. Nf3 Rcxa4 37. Rxa4 Rxa4 38. Rd8+ Kg7 39. Rd7 Kf8 40.
Ng5 Be7 41. Nh7+ Ke8 42. Rb7 Bc5 43. Nf6+ Kd8 44. Rxf7 b5 45. Rb7 b4 46. Ne4
Be7 47. Nd6 Bxd6 48. exd6 Kc8 49. d7+ Kd8 50. Kh2 Ra2+ 51. Kg1 Rb2 52. Kh1 b3
53. Kg1 Rb1+ 54. Kg2 Ke7 55. Kh2 Rb2+ 56. Kg1 Kd8 57. Kh1 Rb1+ 58. Kg2 b2 59.
Kh2 Ke7 60. Kg2 Rd1 61. Rxb2 Rxd7 62. Rb5 Kf6 63. Kf3 Rd3+ 64. Kf2 Rd5 65. Rb3
Kf5 66. Kf3 Ra5 67. Rc3 Rb5 68. Ra3 Rb6 69. Rc3 1/2-1/2

[Event "XI Open A"]
[Site "Padova ITA"]
[Date "2008.12.15"]
[Round "3"]
[White "Mrdja, Milan"]
[Black "Salvador, Roland"]
[Result "1-0"]
[WhiteElo "2401"]
[BlackElo "2464"]
[PlyCount "39"]
[EventDate "2008.12.13"]

1. e4 c5 2. Nf3 Nc6 3. Bb5 e6 4. Bxc6 bxc6 5. O-O Ne7 6. Re1 Ng6 7. d4 cxd4 8.
Nxd4 Be7 9. c4 O-O 10. Nc3 Bb7 11. Nde2 f5 12. exf5 Rxf5 13. Be3 c5 14. Ng3 Rf8
15. Nce4 Qc7 16. Rc1 Rad8 17. Rc2 Qc6 18. f3 h6 19. b3 Rf7 20. Rf1 {...} 1-0

[Event "XI Open A"]
[Site "Padova ITA"]
[Date "2008.12.15"]
[Round "3"]
[White "Saponara, Nicola"]
[Black "Gubellini, Luciano"]
[Result "1-0"]
[WhiteElo "1838"]
[BlackElo "1640"]
[PlyCount "93"]
[EventDate "2008.12.13"]

1. e4 e6 2. d4 d5 3. Nc3 Bb4 4. e5 c5 5. a3 Bxc3+ 6. bxc3 c4 7. Nf3 Qa5 8. Bd2
Qa4 9. Be2 Ne7 10. O-O O-O 11. Re1 Ng6 12. Bf1 Na6 13. h4 h6 14. h5 Nh8 15. Nh4
f6 16. Qg4 f5 17. Qg3 Kh7 18. Ng6 Nxg6 19. Qxg6+ Kh8 20. Bxh6 gxh6 21. Qxh6+
Kg8 22. Qg6+ Kh8 23. h6 Qd7 24. Re3 Qh7 25. Qh5 Bd7 26. Qh4 Rf7 27. Be2 f4 28.
Rf3 Raf8 29. Rc1 Nb8 30. Rf1 Nc6 31. g3 Ne7 32. g4 Qg6 33. Kh2 Rh7 34. Rh3 Qe4
35. Bf3 Qg6 36. Rg1 Be8 37. Bd1 Ba4 38. g5 Bxc2 39. Bh5 Qg8 40. g6 Nxg6 41.
Bxg6 Bxg6 42. Qg5 Rff7 43. Qxg6 Qf8 44. Qxe6 Re7 45. Qxd5 Rxh6 46. Rg8+ Qxg8
47. Rxh6+ 1-0

[Event "XI Open A"]
[Site "Padova ITA"]
[Date "2008.12.15"]
[Round "3"]
[White "Topollaj, Mark"]
[Black "Palumbo, Giuseppe"]
[Result "0-1"]
[WhiteElo "1461"]
[BlackElo "1978"]
[PlyCount "54"]
[EventDate "2008.12.13"]

1. e4 c5 2. c3 d5 3. exd5 Qxd5 4. f3 Nc6 5. Bb5 a6 6. Ba4 b5 7. Bc2 Bb7 8. Ne2
e5 9. Ng3 Nf6 10. Rf1 g6 11. Qe2 Bh6 12. Ne4 Nxe4 13. Bxe4 Qe6 14. Na3 O-O 15.
Nc2 f5 16. Bxc6 Bxc6 17. Ne3 Rfd8 18. Kf2 e4 19. fxe4 Qxe4 20. Kg1 f4 21. Qf2
fxe3 22. dxe3 Rf8 23. Qe2 Rxf1+ 24. Kxf1 Re8 25. h3 Bxe3 26. Bxe3 Qxe3 27. Qxe3
Rxe3 0-1

[Event "XI Open A"]
[Site "Padova ITA"]
[Date "2008.12.15"]
[Round "3"]
[White "Zaja, Ivan"]
[Black "Naumkin, Igor"]
[Result "1/2-1/2"]
[WhiteElo "2461"]
[BlackElo "2506"]
[PlyCount "29"]
[EventDate "2008.12.13"]

1. d4 Nf6 2. c4 e6 3. Nf3 b6 4. g3 Bb7 5. Bg2 Be7 6. Nc3 O-O 7. Qc2 d5 8. cxd5
exd5 9. O-O Na6 10. Bg5 h6 11. Bxf6 Bxf6 12. Rad1 Re8 13. Rfe1 Qe7 14. e3 c5
15. dxc5 1/2-1/2

[Event "XI Open A"]
[Site "Padova ITA"]
[Date "2008.12.15"]
[Round "3"]
[White "Zanini, Andrea"]
[Black "De Marchi, Alessandro"]
[Result "1-0"]
[WhiteElo "1674"]
[BlackElo "1675"]
[PlyCount "35"]
[EventDate "2008.12.13"]

1. d4 d5 2. Nf3 Nf6 3. e3 c5 4. b3 a6 5. Bd3 Nc6 6. O-O e6 7. Bb2 Bd6 8. Nbd2
Qc7 9. c4 dxc4 10. bxc4 cxd4 11. exd4 O-O 12. a3 Re8 13. Re1 Rb8 14. d5 Ne7 15.
Bxf6 gxf6 16. dxe6 fxe6 17. Ne4 Rf8 18. Nxd6 1-0

[Event "XI Open A"]
[Site "Padova ITA"]
[Date "2008.12.16"]
[Round "4"]
[White "Barletta, Mauro"]
[Black "Belloni, Umberto"]
[Result "1-0"]
[WhiteElo "2232"]
[BlackElo "1872"]
[PlyCount "49"]
[EventDate "2008.12.13"]

1. e4 e6 2. d3 d5 3. Qe2 b6 4. exd5 Qxd5 5. Nc3 Qd7 6. Nf3 Nc6 7. d4 Nf6 8. Qe3
Nb4 9. Qd2 Bd6 10. a3 Nbd5 11. Ne5 Bxe5 12. dxe5 Nxc3 13. exf6 Qxd2+ 14. Bxd2
Ne4 15. fxg7 Rg8 16. Bh6 Nf6 17. Be2 Bb7 18. Rg1 Rd8 19. g4 Ke7 20. Bd3 Be4 21.
g5 Rxd3 22. gxf6+ Kxf6 23. cxd3 Bxd3 24. Bg5+ Kf5 25. O-O-O 1-0

[Event "XI Open A"]
[Site "Padova ITA"]
[Date "2008.12.16"]
[Round "4"]
[White "Demiraj, Rumi"]
[Black "De Santis, Alessio"]
[Result "0-1"]
[WhiteElo "1961"]
[BlackElo "2263"]
[PlyCount "60"]
[EventDate "2008.12.13"]

1. d4 f5 2. c4 Nf6 3. Nc3 g6 4. Nf3 Bg7 5. g3 d6 6. Bg2 O-O 7. O-O Qe8 8. Re1
Qf7 9. b3 c5 10. e3 Na6 11. Bb2 h6 12. h3 g5 13. Nh2 Bh8 14. Kh1 Nb4 15. a3 Nc6
16. Qd2 cxd4 17. exd4 Bd7 18. Nd1 e5 19. d5 Nd4 20. Bxd4 exd4 21. Nb2 Ne4 22.
Bxe4 fxe4 23. Rxe4 Qxf2 24. Qxf2 Rxf2 25. Nd1 Rd2 26. Nf3 Rd3 27. Kg2 Rf8 28.
Ng1 Be5 29. Nf2 Rxg3+ 30. Kf1 Bf5 0-1

[Event "XI Open A"]
[Site "Padova ITA"]
[Date "2008.12.16"]
[Round "4"]
[White "Dragojlovic, Andjelko"]
[Black "Kizov, Atanas"]
[Result "1/2-1/2"]
[WhiteElo "2393"]
[BlackElo "2439"]
[PlyCount "29"]
[EventDate "2008.12.13"]

1. Nf3 Nf6 2. g3 g6 3. Bg2 Bg7 4. O-O O-O 5. d3 d6 6. e4 c5 7. Nbd2 Nc6 8. a4
Rb8 9. Nc4 Bg4 10. c3 Nd7 11. h3 Bxf3 12. Bxf3 a6 13. Bg2 b5 14. axb5 axb5 15.
Ne3 1/2-1/2

[Event "XI Open A"]
[Site "Padova ITA"]
[Date "2008.12.16"]
[Round "4"]
[White "Gubellini, Luciano"]
[Black "De Marchi, Alessandro"]
[Result "1/2-1/2"]
[WhiteElo "1640"]
[BlackElo "1675"]
[PlyCount "55"]
[EventDate "2008.12.13"]

1. d4 Nf6 2. Nf3 d5 3. e3 c5 4. dxc5 e6 5. Bd3 Bxc5 6. O-O O-O 7. Nbd2 Nc6 8.
c3 e5 9. Be2 e4 10. Nd4 Nxd4 11. cxd4 Bd6 12. f4 exf3 13. Nxf3 Ne4 14. Ne5 Qc7
15. Nf3 g5 16. Bd2 Nxd2 17. Qxd2 Qe7 18. h3 g4 19. hxg4 Bxg4 20. Nh2 Bxe2 21.
Qxe2 Bxh2+ 22. Kxh2 Qh4+ 23. Kg1 Qg5 24. Qf3 Rae8 25. Rae1 Re4 26. Qf5 Qg3 27.
Qf3 Qg5 28. Qf5 1/2-1/2

[Event "XI Open A"]
[Site "Padova ITA"]
[Date "2008.12.16"]
[Round "4"]
[White "Isatto, Davide"]
[Black "Topollaj, Mark"]
[Result "1/2-1/2"]
[WhiteElo "1943"]
[BlackElo "1461"]
[PlyCount "115"]
[EventDate "2008.12.13"]

1. e4 e6 2. c4 c6 3. d4 d5 4. exd5 cxd5 5. Nf3 Nf6 6. Nc3 Bb4 7. Bd2 Bxc3 8.
bxc3 Ne4 9. cxd5 exd5 10. Bd3 Bg4 11. Qe2 Qe7 12. O-O O-O 13. Rfe1 f5 14. Qd1
Qd7 15. Rc1 Nc6 16. Be3 f4 17. Bd2 Nxd2 18. Qxd2 Bxf3 19. gxf3 Qh3 20. Bf1 Qxf3
21. Qe2 Qxe2 22. Rxe2 Rae8 23. Rxe8 Rxe8 24. Bg2 Rd8 25. Rb1 b6 26. Rb5 Ne7 27.
Kf1 Kf7 28. Ke2 g5 29. Bf3 Kf6 30. Kd3 Kf5 31. h3 Ke6 32. a4 Rd6 33. c4 dxc4+
34. Kxc4 h6 35. Re5+ Kf6 36. a5 Nc6 37. Bxc6 Rxc6+ 38. Kd3 Rd6 39. f3 Re6 40.
Rb5 Re3+ 41. Kc4 Rxf3 42. axb6 axb6 43. Rxb6+ Ke7 44. Rxh6 Rg3 45. d5 Rg1 46.
Kd4 Rd1+ 47. Ke4 Re1+ 48. Kf3 Re3+ 49. Kf2 Rd3 50. Rh5 Kf6 51. Rh6+ Kf5 52. d6
Ke5 53. Rg6 Kf5 54. Rh6 Rd5 55. h4 Rd2+ 56. Ke1 Rd4 57. Rh5 Rxd6 58. Rxg5+
1/2-1/2

[Event "XI Open A"]
[Site "Padova ITA"]
[Date "2008.12.16"]
[Round "4"]
[White "Laketic, Gojko"]
[Black "Gallo, Enrico"]
[Result "1-0"]
[WhiteElo "2451"]
[BlackElo "2063"]
[PlyCount "87"]
[EventDate "2008.12.13"]

1. e4 e6 2. d3 d5 3. Nd2 c5 4. Ngf3 Nc6 5. g3 Nf6 6. Bg2 Be7 7. O-O dxe4 8.
dxe4 e5 9. c3 O-O 10. Qe2 Qc7 11. a4 Rd8 12. Nc4 h6 13. Nh4 Bg4 14. Bf3 Qd7 15.
Bxg4 Qxg4 16. Qxg4 Nxg4 17. Nf5 Bf8 18. f3 Nf6 19. g4 Rd7 20. h4 Rad8 21. Kf2
Rd1 22. Be3 Rxa1 23. Rxa1 Nd7 24. Rd1 Nb6 25. Rxd8 Nxd8 26. Nxb6 axb6 27. Ke2
Kh7 28. Bf2 Ne6 29. Kd3 g6 30. Ne3 Nf4+ 31. Kc4 Nh3 32. Bg3 Ng1 33. Kb5 Nxf3
34. Kxb6 Be7 35. Kxb7 Bd8 36. Nc4 f5 37. gxf5 gxf5 38. exf5 e4 39. h5 Kg7 40.
Kc8 Bg5 41. a5 e3 42. a6 e2 43. a7 Bh4 44. Ne5 1-0

[Event "XI Open A"]
[Site "Padova ITA"]
[Date "2008.12.16"]
[Round "4"]
[White "Lodi, Paolo"]
[Black "Fortunato, Lorenzo"]
[Result "1-0"]
[WhiteElo "1549"]
[BlackElo "1443"]
[PlyCount "79"]
[EventDate "2008.12.13"]

1. c4 c5 2. Nc3 b6 3. e4 d6 4. g3 Bb7 5. Bg2 Nd7 6. Nge2 Ngf6 7. d3 e6 8. O-O
Be7 9. Re1 O-O 10. e5 Bxg2 11. exf6 Bf3 12. fxe7 Qxe7 13. Qd2 Nf6 14. Nf4 Qb7
15. Ne4 Nxe4 16. dxe4 Bxe4 17. Qe2 Bf3 18. Qf1 Rad8 19. Ng2 d5 20. cxd5 Rxd5
21. Nh4 Bh5 22. Be3 Rfd8 23. Qg2 Qd7 24. g4 Qe7 25. Qg3 Bg6 26. Nxg6 hxg6 27.
h3 g5 28. Kg2 f5 29. gxf5 Rxf5 30. Rad1 Rdf8 31. Rd2 Qb7+ 32. Kg1 R8f6 33. Rd8+
Kh7 34. Red1 Rf3 35. Qg4 Rh6 36. R1d7 Qa6 37. Qxg5 Rg6 38. Rh8+ Kxh8 39. Qxg6
Rg3+ 40. fxg3 1-0

[Event "XI Open A"]
[Site "Padova ITA"]
[Date "2008.12.16"]
[Round "4"]
[White "Mazzella, Riccardo"]
[Black "Zanini, Andrea"]
[Result "0-1"]
[WhiteElo "1350"]
[BlackElo "1674"]
[PlyCount "44"]
[EventDate "2008.12.13"]

1. d4 d5 2. c4 dxc4 3. e3 Nf6 4. Bxc4 e6 5. Nf3 c5 6. O-O cxd4 7. Qxd4 Qxd4 8.
exd4 Be7 9. Nc3 O-O 10. Re1 Bb4 11. a3 Ba5 12. b4 Bb6 13. Nb5 a6 14. Nd6 Nc6
15. Be3 Rd8 16. Nxc8 Raxc8 17. Bg5 Nxd4 18. Nxd4 Bxd4 19. Bxf6 Bxf6 20. Rac1
Bb2 21. Rc2 Bxa3 22. Rxe6 Rxc4 0-1

[Event "XI Open A"]
[Site "Padova ITA"]
[Date "2008.12.16"]
[Round "4"]
[White "Menin, Massimo"]
[Black "Saponara, Nicola"]
[Result "0-1"]
[WhiteElo "1583"]
[BlackElo "1838"]
[PlyCount "72"]
[EventDate "2008.12.13"]

1. e4 c5 2. Nf3 d6 3. d4 cxd4 4. Nxd4 Nf6 5. Nc3 g6 6. Bb5+ Bd7 7. Bxd7+ Qxd7
8. O-O Bg7 9. a4 O-O 10. h3 Nc6 11. Be3 Rac8 12. Qd2 Ne5 13. b3 a6 14. Nce2
Nxe4 15. Qe1 Nc6 16. Rc1 d5 17. f3 Nxd4 18. Nxd4 Nd6 19. Qd2 e5 20. Ne2 Nf5 21.
g4 Nxe3 22. Qxe3 f5 23. Kg2 Rfe8 24. Qd3 Rc6 25. Rfd1 Rd6 26. Ng3 e4 27. fxe4
fxe4 28. Qe2 Qc6 29. Rf1 b5 30. axb5 axb5 31. Qf2 Rf8 32. Qa7 Rdf6 33. c4 bxc4
34. bxc4 d4 35. Kh2 Rf2+ 36. Kg1 e3 0-1

[Event "XI Open A"]
[Site "Padova ITA"]
[Date "2008.12.16"]
[Round "4"]
[White "Palumbo, Giuseppe"]
[Black "Litrico, Paolo"]
[Result "0-1"]
[WhiteElo "1978"]
[BlackElo "1913"]
[PlyCount "108"]
[EventDate "2008.12.13"]

1. e4 c6 2. d4 d5 3. e5 Bf5 4. Nf3 e6 5. Be2 c5 6. c3 Nc6 7. a3 h6 8. Bd3 Bxd3
9. Qxd3 c4 10. Qc2 b5 11. Nbd2 a5 12. b3 a4 13. b4 Nge7 14. Nf1 Nf5 15. Bf4 Nh4
16. Nxh4 Qxh4 17. Bg3 Qh5 18. h4 Be7 19. Ne3 g5 20. Qe2 Qg6 21. O-O-O Kd7 22.
Kb2 Rag8 23. h5 Qh7 24. Qg4 Kc7 25. Qf3 Rf8 26. Ng4 Qf5 27. Qe2 Kd7 28. Rdf1 f6
29. f4 fxe5 30. fxe5 Qh7 31. Rxf8 Rxf8 32. Rf1 Qg7 33. Rf3 Rxf3 34. Qxf3 Qf8
35. Nf6+ Kc8 36. Bh2 Kd8 37. Qf2 Nb8 38. Ng4 Nc6 39. Qxf8+ Bxf8 40. Bg1 Ne7 41.
Ne3 Nf5 42. Nxf5 exf5 43. Be3 f4 44. Bc1 Kd7 45. Kc2 Ke6 46. Kd2 Kf5 47. Ke2
Kg4 48. Kf2 Kxh5 49. Kf3 Kg6 50. g4 fxg3 51. Kxg3 Kf5 52. Kf3 Be7 53. Kg3 h5
54. Kf3 g4+ 0-1

[Event "XI Open A"]
[Site "Padova ITA"]
[Date "2008.12.16"]
[Round "4"]
[White "Quaranta, Cristiano"]
[Black "Lazic, Miroljub"]
[Result "1/2-1/2"]
[WhiteElo "2136"]
[BlackElo "2472"]
[PlyCount "22"]
[EventDate "2008.12.13"]

1. d4 d5 2. c4 c6 3. Nf3 Nf6 4. e3 e6 5. b3 Nbd7 6. Bb2 Bd6 7. Bd3 b6 8. O-O
Bb7 9. Nbd2 O-O 10. Ne5 c5 11. cxd5 exd5 1/2-1/2

[Event "XI Open A"]
[Site "Padova ITA"]
[Date "2008.12.16"]
[Round "4"]
[White "Salvador, Roland"]
[Black "Castellano, Alfonso"]
[Result "1-0"]
[WhiteElo "2464"]
[BlackElo "1967"]
[PlyCount "53"]
[EventDate "2008.12.13"]

1. d4 Nf6 2. Nf3 d5 3. c4 e6 4. Nc3 Be7 5. g3 O-O 6. Bg2 b6 7. cxd5 exd5 8. O-O
Bb7 9. Bf4 c5 10. Rc1 Nc6 11. dxc5 bxc5 12. Nh4 Nd4 13. Be5 Nd7 14. Bxd4 Bxh4
15. Be3 Bf6 16. Nxd5 Bxb2 17. Rb1 Bxd5 18. Qxd5 Rb8 19. Rxb2 Rxb2 20. Rd1 Rxe2
21. Bf1 Rc2 22. Qf5 Rxa2 23. Rxd7 Qf6 24. Qxf6 gxf6 25. Bh6 Re8 26. Bc4 Ra1+
27. Kg2 1-0

[Event "XI Open A"]
[Site "Padova ITA"]
[Date "2008.12.16"]
[Round "4"]
[White "Zordan, Antonio"]
[Black "Boscolo, Federico"]
[Result "1/2-1/2"]
[WhiteElo "1488"]
[BlackElo "1952"]
[PlyCount "38"]
[EventDate "2008.12.13"]

1. c4 e6 2. d4 d5 3. Nc3 c6 4. Nf3 Nf6 5. Bg5 dxc4 6. e4 b5 7. Be2 Be7 8. Qc2
Bb7 9. Rd1 Qa5 10. O-O Nbd7 11. a4 b4 12. Nb1 c5 13. e5 Nd5 14. Bxc4 Bxg5 15.
Nxg5 h6 16. Ne4 O-O 17. Bb5 N5b6 18. Nd6 Ba6 19. dxc5 Nxc5 1/2-1/2

[Event "XI Open A"]
[Site "Padova ITA"]
[Date "2008.12.17"]
[Round "5"]
[White "Belloni, Umberto"]
[Black "Lodi, Paolo"]
[Result "1-0"]
[WhiteElo "1872"]
[BlackElo "1549"]
[PlyCount "87"]
[EventDate "2008.12.13"]

1. d4 f5 2. c3 e6 3. g3 Nf6 4. Bg2 d5 5. Bg5 Be7 6. Bxf6 Bxf6 7. f4 O-O 8. Nf3
Nd7 9. Nbd2 c6 10. e3 Be7 11. Ne5 Nxe5 12. fxe5 Bg5 13. Qe2 b6 14. Bf1 c5 15.
Nf3 Be7 16. Bh3 a5 17. Bf1 Ba6 18. Qd2 c4 19. Be2 b5 20. O-O Bc8 21. a3 Bd7 22.
h3 Qe8 23. Kh2 g5 24. g4 fxg4 25. hxg4 Qg6 26. Ng1 Kg7 27. Rf3 Rxf3 28. Bxf3
Rh8 29. Qe2 Be8 30. Kg2 h6 31. Nh3 Qh7 32. Nf2 Bg6 33. e4 Qg8 34. Rf1 Bf7 35.
Nd1 Qe8 36. exd5 exd5 37. Ne3 Be6 38. Nf5+ Bxf5 39. gxf5 Kf7 40. Bh5+ Kf8 41.
Bxe8 Kxe8 42. f6 Bf8 43. Qh5+ Kd8 44. Qf7 1-0

[Event "XI Open A"]
[Site "Padova ITA"]
[Date "2008.12.17"]
[Round "5"]
[White "Boscolo, Federico"]
[Black "Palumbo, Giuseppe"]
[Result "1-0"]
[WhiteElo "1952"]
[BlackElo "1978"]
[PlyCount "107"]
[EventDate "2008.12.13"]

1. e4 c5 2. c3 Nf6 3. e5 Nd5 4. Nf3 e6 5. d4 Nc6 6. dxc5 Bxc5 7. Nbd2 Qc7 8.
Nc4 O-O 9. Bd3 h6 10. a4 a5 11. Qe2 Nde7 12. Qe4 Ng6 13. h4 f5 14. Qe2 d6 15.
exd6 Bxd6 16. Nxd6 Qxd6 17. Bc4 Nce5 18. Nxe5 Qxe5 19. h5 Qxe2+ 20. Kxe2 Ne5
21. Bb5 Bd7 22. Bf4 Bxb5+ 23. axb5 Ng4 24. b3 e5 25. Be3 Nxe3 26. Kxe3 b6 27.
Rhd1 Rfd8 28. f3 Kf7 29. Ke2 Rac8 30. Rxd8 Rxd8 31. Rc1 Ke6 32. Ke3 f4+ 33. Ke2
Rd5 34. c4 Rc5 35. Kd3 Kf5 36. Rh1 Rc7 37. Rh4 Rd7+ 38. Kc3 Kg5 39. Rh1 Rd4 40.
Re1 Kf5 41. Re2 Ke6 42. Rd2 Rxd2 43. Kxd2 Kd6 44. Kd3 Kc5 45. Ke4 Kb4 46. Kf5
Kxb3 47. c5 a4 48. cxb6 a3 49. b7 a2 50. b8=Q a1=Q 51. Qxe5 Qf1 52. b6 Qxg2 53.
b7 Qh3+ 54. Ke4 1-0

[Event "XI Open A"]
[Site "Padova ITA"]
[Date "2008.12.17"]
[Round "5"]
[White "Castellano, Alfonso"]
[Black "Zordan, Antonio"]
[Result "0-1"]
[WhiteElo "1967"]
[BlackElo "1488"]
[PlyCount "40"]
[EventDate "2008.12.13"]

1. c4 c5 2. Nc3 Nc6 3. g3 g6 4. Bg2 Bg7 5. Nf3 Nf6 6. d4 cxd4 7. Nxd4 d6 8. O-O
O-O 9. Nc2 Bd7 10. e4 Qc8 11. f3 Na5 12. Nd5 Nxd5 13. cxd5 Ba4 14. Qe1 Qxc2 15.
Qxa5 b6 16. Qa6 Qc5+ 17. Kh1 Bb5 18. Qb7 Bxf1 19. Bxf1 Qf2 20. Bg5 f6 0-1

[Event "XI Open A"]
[Site "Padova ITA"]
[Date "2008.12.17"]
[Round "5"]
[White "De Marchi, Alessandro"]
[Black "Mazzella, Riccardo"]
[Result "1-0"]
[WhiteElo "1675"]
[BlackElo "1350"]
[PlyCount "92"]
[EventDate "2008.12.13"]

1. d4 d5 2. Nf3 Nf6 3. c4 e6 4. e3 Bb4+ 5. Bd2 Bxd2+ 6. Nbxd2 O-O 7. Bd3 Re8 8.
O-O b6 9. a4 a5 10. b3 Ba6 11. Qc2 h6 12. Ne5 Nbd7 13. f4 Bb7 14. Rac1 c5 15.
Nxd7 Qxd7 16. dxc5 bxc5 17. Nf3 Rac8 18. Ne5 Qc7 19. g4 Ne4 20. cxd5 Bxd5 21.
Bxe4 Bxe4 22. Qxe4 f5 23. gxf5 exf5 24. Qxf5 Rf8 25. Qe6+ Kh7 26. Qd7 Qb8 27.
Qd3+ Kg8 28. Qc4+ Kh7 29. Nd7 Qb7 30. Nxf8+ Rxf8 31. e4 Qd7 32. f5 Qe7 33. Kh1
Rf6 34. Rce1 Qb7 35. Kg1 g6 36. e5 Rxf5 37. Rxf5 gxf5 38. e6 Qg7+ 39. Kh1 Qb7+
40. Kg1 Qg7+ 41. Kf2 Qe7 42. Qf4 Kg6 43. Rg1+ Kf6 44. Qxh6+ Ke5 45. Re1+ Kd6
46. Qd2+ 46... Kc6 {...} 1-0

[Event "XI Open A"]
[Site "Padova ITA"]
[Date "2008.12.17"]
[Round "5"]
[White "De Santis, Alessio"]
[Black "Dragojlovic, Andjelko"]
[Result "1/2-1/2"]
[WhiteElo "2263"]
[BlackElo "2393"]
[PlyCount "27"]
[EventDate "2008.12.13"]

1. d4 Nf6 2. c4 g6 3. Nc3 d5 4. cxd5 Nxd5 5. e4 Nxc3 6. bxc3 Bg7 7. Bc4 O-O 8.
Ne2 Nc6 9. Be3 Na5 10. Bd3 b6 11. h4 e5 12. h5 c5 13. hxg6 hxg6 14. dxe5
1/2-1/2

[Event "XI Open A"]
[Site "Padova ITA"]
[Date "2008.12.17"]
[Round "5"]
[White "Fortunato, Lorenzo"]
[Black "Gubellini, Luciano"]
[Result "1/2-1/2"]
[WhiteElo "1443"]
[BlackElo "1640"]
[PlyCount "98"]
[EventDate "2008.12.13"]

1. e4 e6 2. d3 d6 3. Nf3 e5 4. Nc3 c6 5. Be2 Be7 6. Be3 Nf6 7. h3 Qc7 8. Qd2
Be6 9. d4 exd4 10. Nxd4 Nbd7 11. O-O-O O-O-O 12. f4 Nb6 13. Nxe6 fxe6 14. g4 d5
15. exd5 Nfxd5 16. Bxb6 Nxb6 17. Qe3 Nd5 18. Qxe6+ Kb8 19. Nxd5 Rxd5 20. Rxd5
cxd5 21. Qe5 Bd6 22. Qxd5 Rd8 23. Kb1 Bxf4 24. Qc4 Qxc4 25. Bxc4 g5 26. c3 Rd2
27. Bb3 Kc7 28. Bc2 h6 29. h4 gxh4 30. Rxh4 Bg5 31. Rh1 Re2 32. Rd1 b6 33. Bf5
Re7 34. Kc2 Kc6 35. Kb3 a5 36. a4 Bf4 37. Kc4 Bd6 38. Rd4 Bc5 39. Re4 Rxe4+ 40.
Bxe4+ Kd6 41. Kb5 Kc7 42. b4 axb4 43. cxb4 Be3 44. a5 bxa5 45. bxa5 Kb8 46. Kc6
Ka7 47. Bd3 Bg5 48. Kc7 Be3 49. a6 Bg5 1/2-1/2